| 000 | 00510nam a2200205Ia 4500 | ||
|---|---|---|---|
| 008 | 210210b1939 xxu||||| |||| 00| 0 eng d | ||
| 041 | _aeng | ||
| 082 | _a544/151 | ||
| 100 | _aSAND (Henry J S) | ||
| 245 | _aElectrochemistry and electrochemical analysis Vol I | ||
| 260 |
_aLondon _bBlackie & Son Ltd. _c1939 |
||
| 300 | _a176 | ||
| 650 | _aVol | ||
| 650 | _aI | ||
| 650 | _aElectrochemistry | ||
| 650 | _aelectrochemical | ||
| 650 | _aanalysis | ||
| 690 | _aPhysical Chemistry | ||
| 906 | _a009807 | ||
| 999 |
_c128106 _d128106 |
||